[Fisher, M.: K-punk. Výběr z textů, Ostrava: Ostravská univerzita. 2022. 239 s. ISBN 978-80-7599-253-6.]

Recenzia na publikáciu autora Mark Fisher s názvom K-punk.

Na minha lista:
Detalhes bibliográficos
Autor principal: Profant, Tomáš Imrich, 1983-
Formato: Capítulo de Livro
Idioma:eslovaco
Assuntos:
Tags: Adicionar Tag
Sem tags, seja o primeiro a adicionar uma tag!

MARC

LEADER 00000naa a2200000 4500
001 0307618
005 20250313091702.9
041 0 |a slo 
044 |a SK 
245 1 0 |a [Fisher, M.: K-punk. Výběr z textů, Ostrava: Ostravská univerzita. 2022. 239 s. ISBN 978-80-7599-253-6.]  |c Tomáš Imrich Profant 
520 |a Recenzia na publikáciu autora Mark Fisher s názvom K-punk. 
610 2 0 |a politika 
610 2 0 |a vedy spoločenské 
610 2 0 |a recenzie 
100 1 |a Profant, Tomáš Imrich, 1983-